Pracovně právní vztahy při soukromém podnikání

Salvato in:
Dettagli Bibliografici
Natura: Libro
Lingua:ceco
Pubblicazione: Frýdek-Místek EKONKONZULT 1991
Edizione:2. vyd.
Tags: Aggiungi Tag
Nessun Tag, puoi essere il primo ad aggiungerne!!

MARC

LEADER 00000nam a2200000 4500
001 c041438
005 20250826122904.2
041 0 |a cze 
044 |a CZ 
245 1 0 |a Pracovně právní vztahy při soukromém podnikání 
250 |a 2. vyd. 
264 1 |a Frýdek-Místek  |b EKONKONZULT  |c 1991 
300 |a 104 s.